Laufey "Typical of Me" Tracklist - Statistics

General Stats
  • This quiz has been taken 244 times
  • The average score is 5 of 7
Answer Stats
Number Length Answer % Correct
1 3:44 Street by Street
92%
5 2:55 James
90%
2 3:00 Magnolia
83%
7 2:44 Best Friend
78%
3 2:42 Like the Movies
71%
4 2:35 I Wish You Love
68%
6 3:18 Someone New
67%
No matching quizzes found
Score Distribution
Percent of People with Each Score
Percentile by Number Answered
Your Score History
You have not taken this quiz